Statistics for 韩国20大姓氏 Top 20 Korean surnames

Click here to take the quiz!

General Stats

  • This quiz has been taken 194 times
  • The average score is 11 of 20

Answer Stats

韩语人数占比姓氏% Correct
21.51
99%
14.70李/伊/利
98%
8.43朴/博
95%
2.05张/蒋/章/庄
71%
1.51全/田/钱
64%
4.84郑/丁/程
60%
1.94柳/刘/庾/裕
60%
4.71崔/最
57%
2.05尹/允
57%
2.93赵/刁/朝/曺/曹
54%
1.56韩/汉
52%
1.54吴/伍/五
51%
1.38
49%
2.55姜/康/江
47%
1.40黄/皇
45%
2.04林/任
43%
1.38
38%
1.98申/辛/信/慎
36%
1.51徐/西
31%
1.42
27%

Score Distribution

Percentile by Number Answered

Percent of People with Each Score

Your Score History

You have not taken this quiz